000 00742nam a2200289Ia 4500
005 20260324124447.0
008 008 260324s9999 xx 000 0 eng d
020 _a9780203839423
037 _aEBOOK
040 _aCRL
040 _beng
040 _cCRL
041 _2eng
041 _aeng
084 _qCRL
100 _aJ. Carles Maixé-Altés; Paul Thomes; Bernardo Batiz-Lazo
_91174245
245 0 _aTechnological Innovation in Retail Finance
245 0 _bInternational Historical Perspectives
260 _bTaylor and Francis
260 _c2010
365 _a
365 _b150
856 _uhttp://www.taylorfrancis.com/books/9780203839423
942 _cEBOOK
999 _c1768634
_d1768634